O espírito lusitano au o saudosismo (Record no. 116714)

MARC details
000 -LEADER
campo de control de longitud fija 00748nam a2200205 i 4500
001 - NÚMERO DE CONTROL
campo de control 116714
003 - IDENTIFICADOR DE NÚMERO DE CONTROL
campo de control ES-MaACL
005 - FECHA Y HORA DE LA ÚLTIMA TRANSACCIÓN
campo de control 20230906190744.0
007 - CAMPO FIJO DE DESCRIPCIÓN FÍSICA--INFORMACIÓN GENERAL
campo de control de longitud fija t|
008 - DATOS DE LONGITUD FIJA--INFORMACIÓN GENERAL
campo de control de longitud fija 061121s1912 po r ||||1| por d
100 1# - ENTRADA PRINCIPAL--NOMBRE DE PERSONA
Nombre de persona Pascoais, Teixeira de (
Fechas asociadas al nombre 1877-1952)
9 (RLIN) 89331
245 12 - MENCIÓN DEL TÍTULO
Título O espírito lusitano au o saudosismo
Resto del título : confèrencia da "Renascença portuguesa", realisada no Ateneu Comercial do Porto, na noite de 23 de Maio de 1912.
260 ## - PUBLICACIÓN, DISTRIBUCIÓN, ETC.
Lugar de publicación, distribución, etc. Porto :
Nombre del editor, distribuidor, etc. Renascença Portuguesa,
Fecha de publicación, distribución, etc. 1912.
300 ## - DESCRIPCIÓN FÍSICA
Extensión 20 p. ;
Dimensiones 25 cm.
490 1# - MENCIÓN DE SERIE
Mención de serie Biblioteca de A Renasceça Portuguesa
650 #4 - PUNTO DE ACCESO ADICIONAL DE MATERIA--TÉRMINO DE MATERIA
Término de materia o nombre geográfico como elemento de entrada Portugueses-
Subdivisión general Psicología.
9 (RLIN) 163749
830 0# - PUNTO DE ACCESO ADICIONAL DE SERIE-TÍTULO UNIFORME
Título uniforme Biblioteca de A Renasceça Portuguesa
9 (RLIN) 233321
852 ## - LOCALIZACIÓN
Ubicación ES-MaACL
Número de control de estantería 1570-F-4
Holdings
Estatus retirado Estado de pérdida Estado de daño No para préstamo Colección Biblioteca de origen Biblioteca actual Ubicación en estantería Fecha de adquisición Fuente de adquisición Total de préstamos Signatura topográfica completa Código de barras Visto por última vez Precio de reemplazo Tipo de ítem Koha
        Colección de folletos Biblioteca del Ateneo de Madrid Biblioteca del Ateneo de Madrid Depósito folletos 17/01/2008     1570-F-4 1121699 23/02/2023 23/02/2023 Folleto